Spider-Man Actors - Statistics

General Stats
  • This quiz has been taken 18 times
  • The average score is 11 of 40
Answer Stats
Hint Answer % Correct
MCU (2016-present, Civil war, Infinity War, Endgame, Home trilogy) Tom Holland
100%
Amazing Spider-Man 1 and 2 (2012, 2014) Andrew Garfield
94%
Spider-Man 1, 2, and 3 (2002, 2004, 2007) Tobey Maguire
94%
Peter B. Parker Into, Across, and Beyond the Spider-Verse Jake Johnson
59%
1610 Miles Morales Spider-Verse trilogy (Into 2018, Across 2023, Beyond to be released) Shamiek Moore
53%
Madame Web in Madame Web (2024) Dakota Johnson
47%
Spider-Gwen in the Spider-verse Trilogy Hailee Steinfeld
47%
Spider-Man Noir in Spider-Verse Trilogy and to be released show Nicolas Cage
47%
Spider-Ham - Spider-Verse Trilogy John Mulaney
41%
Miguel O'Hara/Spider-Man 2099 in the Spider-Verse Trilogy Oscar Isaac
41%
Julia Cornwall in Madame Web Sydney Sweeney
35%
Ultimate Spider-Man (2012-2017), Phineas & Ferb (2013), Avengers Assemble (2013-15), Hulk and the Agents of S.M.A.S.H. (2013-15) Drake Bell
29%
Spectacular Spider-Man (2008-2009) Josh Keaton
29%
Spider-Man the New Animated Series (2003) Neil Patrick Harris
29%
1610 Peter Parker Into The Spider-Verse Chris Pine
24%
Your Friendly Neigborhood Spider-Man (2025-present), What If...? (2021), Marvel Zombies (to be released) Hudson Thames
24%
Spider Woman/Jessica Drew in Across and Beyond the Spider-Verse Issa Rae
24%
Peni Parker in the Spider-Verse Trilogy Kimiko Glenn
24%
Peter Parker in the Insomniac games Yuri Lowenthal
24%
1994-1998 Spider-Man The Animated Series Christopher Daniel Barnes
18%
Spider-Punk in Across and Beyond the Spider-Verse Daniel Kaluuya
18%
Anya Corazon in Madame Web Isabela Merced
18%
Spider-Man (1977),Spider-Man Strikes Back, Amazing Spider-Man (1977-79), Spider-Man The Dragons Challenge (1981) Nicolas Hammond
18%
1968-70 Animated Series Paul Soles
18%
2017-2020 Series, Marvel Future Avengers (2017-2018), Avengers Assemble, Guardians of the Galaxy (2018) Robbie Daymond
18%
Spider Byte Across the Spider-Verse Amandla Stenberg
12%
Mattie Franklin in Madame Web Celeste O'Connor
12%
Spider-Man and His Amazing Friends Dan Gilvezan
12%
Spider-Man India in Across the Spider-Verse Karan Soni
12%
Spider-Man Unlimited Rino Romano
12%
Ezekial Sims in Madame Web Tahar Rahim
12%
1981-82 Animated Series Ted Schwartz
12%
Spider-Woman in Spider-Woman (1979-1980) Joan Van Ark
6%
Spider-Gwen in 2017-20 series Laura Bailey
6%
Miles Morales in the Insomiac Spider-Man Games and the 2017-2020 show Nadji Jeter
6%
Peter Parker/Spider-Man since season 3 of Spidey and His Amazing Friends Alkaio Thiele
0%
Gwen Stacy/Ghost Spider since season 3 of Spidey and His Amazing Friends Audrey Bennet
0%
Peter Parker/Spider-Man in the first 2 seasons of Spidey and his Amazing Friends (2021-present) Benjamin Valic
0%
Miles Morales/Spin in Spidey and his Amazing Friends Jakari Fraser
0%
Gwen Stacy/Ghost Spider in the first 2 seasons of Spidey and His Amazing Friends Lily Sanfelippo
0%
No matching quizzes found
Score Distribution
Percent of People with Each Score
Percentile by Number Answered
Your Score History
You have not taken this quiz